Top 20 first and last names in Denmark - Statistics

General Stats
  • This quiz has been taken 21 times
  • The average score is 23 of 60
Answer Stats
Population Girls first name % Correct
33.441 Anna
73%
42.596 Lars
67%
32.980 Anders
60%
43.021 Anne
60%
37.349 Christian
60%
102.287 Larsen
60%
30.400 Maria
60%
30.836 Niels
60%
42.709 Olsen
60%
143.880 Andersen
53%
40.558 Jens
53%
222.355 Nielsen
53%
26.195 Ole
53%
45.777 Peter
53%
186.105 Hansen
47%
218.886 Jensen
47%
43.976 Michael
47%
33.384 Morten
47%
30.222 Rasmus
47%
84.147 Rasmussen
47%
38.087 Søren
47%
97.587 Sørensen
47%
106.860 Christensen
40%
22.590 Emma
40%
32.720 Helle
40%
35.210 Jan
40%
78.057 Jørgensen
40%
55.775 Kristensen
40%
37.932 Mette
40%
29.280 Mikkel
40%
27.141 Mortensen
40%
140.838 Pedersen
40%
41.800 Thomas
40%
33.781 Christiansen
33%
40.416 Henrik
33%
21.912 Julie
33%
23.824 Louise
33%
32.239 Mads
33%
25.598 Marianne
33%
36.799 Martin
33%
68.658 Petersen
33%
29.488 Poulsen
33%
22.382 Gitte
27%
22.571 Ida
27%
33.139 Jesper
27%
29.290 Lene
27%
58.255 Madsen
27%
34.482 Hanne
20%
34.588 Kirsten
20%
23.918 Lone
20%
27.640 Per
20%
37.486 Thomsen
20%
24.494 Camilla
13%
23.455 Charlotte
13%
28.983 Johansen
13%
29.668 Susanne
13%
22.855 Tina
13%
27.770 Kim
7%
28.916 Møller
7%
23.359 Pia
7%
No matching quizzes found
Score Distribution
Percent of People with Each Score
Percentile by Number Answered
Your Score History
You have not taken this quiz